Welcome to CU Library Online Public Access Catalogue (OPAC)

Dental assistant review : (Record no. 4212)

MARC details
000 -LEADER
fixed length control field 00916pam a2200253 a 4500
001 - CONTROL NUMBER
control field 3277917
005 - DATE AND TIME OF LATEST TRANSACTION
control field 20250223163922.0
008 - FIXED-LENGTH DATA ELEMENTS--GENERAL INFORMATION
fixed length control field 820423s1983 nyua 000 0 eng
020 ## - INTERNATIONAL STANDARD BOOK NUMBER
International Standard Book Number 0668053658 (pbk.) :
Terms of availability $9.00
050 10 - LIBRARY OF CONGRESS CALL NUMBER
Classification number RK60.5
Item number .H57 1983
082 00 - DEWEY DECIMAL CLASSIFICATION NUMBER
Classification number 617.6/0076
Edition information 19
100 1# - MAIN ENTRY--PERSONAL NAME
Personal name Hirsch, Stuart M.
245 10 - TITLE STATEMENT
Title Dental assistant review :
Remainder of title course synopses and review questions /
Statement of responsibility, etc. by Stuart M. Hirsch, Michael Ostrofsky ; edited by Marie E. Gallagher.
250 ## - EDITION STATEMENT
Edition statement 2nd ed.
260 ## - PUBLICATION, DISTRIBUTION, ETC.
Place of publication, distribution, etc. New York :
Name of publisher, distributor, etc. Arco Pub.,
Date of publication, distribution, etc. c1983.
300 ## - PHYSICAL DESCRIPTION
Extent viii, 280 p. :
Other physical details ill. ;
Dimensions 26 cm.
440 #0 - SERIES STATEMENT/ADDED ENTRY--TITLE
Title Arco medical review series
500 ## - GENERAL NOTE
General note Rev. ed. of: Dental assistants examination review. c1978.
650 #0 - SUBJECT ADDED ENTRY--TOPICAL TERM
Topical term or geographic name entry element Dental assistants
General subdivision Examinations, questions, etc.
650 #0 - SUBJECT ADDED ENTRY--TOPICAL TERM
Topical term or geographic name entry element Dentistry
General subdivision Examinations, questions, etc.
700 1# - ADDED ENTRY--PERSONAL NAME
Personal name Ostrofsky, Michael.
700 1# - ADDED ENTRY--PERSONAL NAME
Personal name Gallagher, Marie E.
942 ## - ADDED ENTRY ELEMENTS (KOHA)
Source of classification or shelving scheme Library of Congress Classification
Koha item type Books
Edition 2nd ed.
Suppress in OPAC No
999 ## -
-- 4212
-- 4212
Holdings
Withdrawn status Lost status Source of classification or shelving scheme Damaged status Not for loan Collection Home library Current library Shelving location Date acquired Total checkouts Full call number Barcode Date last seen Copy number Price effective from Koha item type
    Library of Congress Classification     Non-fiction Science Library (Miotso) Science Library (Miotso) General stacks 02/23/2025   RK60.5 .H57 HIR SLM00003881 02/23/2025 1 02/23/2025 Books
© 2023-2024 Copyright: Central University Libraries. All Rights Reserved | Created by: Mahone Tech Office